Critical psychology (Record no. 17240)

MARC details
000 -LEADER
fixed length control field 00585nam a22001937a 4500
008 - FIXED-LENGTH DATA ELEMENTS--GENERAL INFORMATION
fixed length control field 180927b xxu||||| |||| 00| 0 eng d
020 ## - INTERNATIONAL STANDARD BOOK NUMBER
International Standard Book Number 1847871732
040 ## - CATALOGING SOURCE
Original cataloging agency KABU
Transcribing agency KABU
050 ## - LIBRARY OF CONGRESS CALL NUMBER
Classification number BF39.9
Item number .C75 2009 c. 1
245 ## - TITLE STATEMENT
Title Critical psychology
Remainder of title an introduction
Statement of responsibility, etc. edited by Dennis Fox, Isaac Prilleltensky & Stephanie Austin
250 ## - EDITION STATEMENT
Edition statement 2nd ed.
260 ## - PUBLICATION, DISTRIBUTION, ETC. (IMPRINT)
Place of publication, distribution, etc. London
Name of publisher, distributor, etc. SAGE
Date of publication, distribution, etc. 2009
300 ## - PHYSICAL DESCRIPTION
Extent xxv, 470 p.
650 ## - SUBJECT ADDED ENTRY--TOPICAL TERM
Topical term or geographic name as entry element Critical psychology
700 ## - ADDED ENTRY--PERSONAL NAME
Personal name Fox, Dennis
700 ## - ADDED ENTRY--PERSONAL NAME
Personal name Prilleltensky, Isaac
700 ## - ADDED ENTRY--PERSONAL NAME
Personal name Austin, Stephanie
942 ## - ADDED ENTRY ELEMENTS (KOHA)
Source of classification or shelving scheme Library of Congress Classification
Koha item type General Collection
Edition 2nd
Classification part BF39.9
Holdings
Withdrawn status Lost status Source of classification or shelving scheme Not for loan Home library Current library Shelving location Date acquired Cost, normal purchase price Total Checkouts Full call number Barcode Date last seen Copy number Price effective from Koha item type
    Library of Congress Classification   Kabarak, Main Campus Kabarak, Main Campus General Stacks 27/09/2018 6750.00   BF39.9 .C75 2009 c. 1 022171 02/08/2024 c. 1 27/09/2018 General Collection
Designed with assistance from East African Informatics Ltd